000 00673nam a2200289Ia 4500
005 20260324135139.0
008 008 260324s9999 xx 000 0 eng d
020 _a9781315843445
037 _aEBOOK
040 _aCRL
040 _beng
040 _cCRL
041 _2eng
041 _aeng
084 _qCRL
100 _aJennifer Mori
_91199516
245 0 _aBritain in the Age of the French Revolution
245 0 _b1785 - 1820
260 _bTaylor and Francis
260 _c2000
365 _a
365 _b230
856 _uhttp://www.taylorfrancis.com/books/9781315843445
942 _cEBOOK
999 _c1800288
_d1800288